00417 2200157 4500001002100000005001500021035002000036245005800056100001500114300002600129260004800155082000800203084001400211020002200225990001200247INLIS00000000000307320250930083718 a0010-09250004201 aAku, Kau & KUA Tiga Kata Berjuta Makna /c@tweetnikah0 atweetnikah a196 hlm ;c15 x 17 cm aJakarta :bPT. Elex Media Komputindo,c2014 a813 a813 TWE a a978-602-02-4811-0 a0755566